|
|
|
|
| LEADER |
02182nam a2200565 i 4500 |
| 001 |
nkc20213376514 |
| 003 |
CZ PrNK |
| 005 |
20220407134450.0 |
| 007 |
ta |
| 008 |
211126s2020 xr e 000 0 cze |
| 015 |
|
|
|a cnb003376514
|
| 020 |
|
|
|a 978-80-7323-357-0
|q (vázáno)
|
| 035 |
|
|
|a (OCoLC)1315528676
|
| 040 |
|
|
|a BOA001
|b cze
|d ABA001
|e rda
|
| 043 |
|
|
|a e-xr---
|
| 045 |
|
|
|a u1u2
|
| 072 |
|
7 |
|a 94(437)
|x Dějiny Česka a Slovenska
|2 Konspekt
|9 8
|
| 080 |
|
|
|a 94(437.3)"1618/1620"
|2 MRF
|
| 080 |
|
|
|a 94(437.311)"1620"
|2 MRF
|
| 080 |
|
|
|a 94(437.3)
|2 MRF
|
| 080 |
|
|
|a (0.062)
|2 MRF
|
| 100 |
1 |
|
|a Vyhlídal, Zdeněk,
|d 1934-
|7 jk01151150
|4 aut
|
| 245 |
1 |
0 |
|a Strmá cesta k Bílé hoře :
|b čtyři století od osudové bitvy /
|c Zdeněk Vyhlídal
|
| 250 |
|
|
|a Druhé rozšířené vydání
|
| 264 |
|
1 |
|a [Tišnov] :
|b Sursum,
|c 2020
|
| 300 |
|
|
|a 117 stran ;
|c 22 cm
|
| 336 |
|
|
|a text
|b txt
|2 rdacontent
|
| 337 |
|
|
|a bez média
|b n
|2 rdamedia
|
| 338 |
|
|
|a svazek
|b nc
|2 rdacarrier
|
| 500 |
|
|
|a "První vydání vyšlo v roce 2001 pod názvem Třicetiletá válka v nakladatelství Adonai"--Tiráž
|
| 504 |
|
|
|a Obsahuje bibliografii
|
| 648 |
|
4 |
|a 1618-1627
|
| 648 |
|
7 |
|a 1618-1620
|7 ch460630
|2 czenas
|
| 648 |
|
7 |
|a 17. století
|7 ch460555
|2 czenas
|
| 650 |
0 |
7 |
|a české stavovské povstání (1618-1620)
|7 ph137501
|2 czenas
|
| 650 |
0 |
7 |
|a bitva na Bílé hoře (1620 : Bílá Hora, Praha, Česko)
|7 ph117419
|2 czenas
|
| 650 |
0 |
9 |
|a Bohemian uprising (1618-1620)
|2 eczenas
|
| 650 |
0 |
9 |
|a battle of White Mountain (1620 : Bílá Hora, Prague, Czechia)
|2 eczenas
|
| 651 |
|
7 |
|a Česko
|7 ge128065
|x dějiny
|y 17. století
|2 czenas
|
| 651 |
|
9 |
|a Czechia
|x history
|y 17th century
|2 eczenas
|
| 655 |
|
7 |
|a populárně-naučné publikace
|7 fd131864
|2 czenas
|
| 655 |
|
9 |
|a popular works
|2 eczenas
|
| 740 |
0 |
2 |
|a Třicetiletá válka
|
| 740 |
0 |
2 |
|a 30letá válka
|
| 910 |
2 |
|
|a BOA001
|b 2-1474.679
|
| 990 |
|
|
|a BK
|
| 995 |
|
|
|a 01
|
| 991 |
|
|
|b 202201
|c NOV
|
| 996 |
6 |
|
|b 2610887524
|c 2-1474.679
|l MZK
|r Sklad / do 1 hodiny
|n 0
|p p.v.
|w 001871328
|u 000010
|a 1
|e BOA001
|j MZK50
|s P
|
| 996 |
7 |
|
|b 2610887525
|c 2-1474.679
|l MZK
|r Sklad / do 1 hodiny
|n 0
|p p.v.
|w 001871328
|u 000020
|a 1
|e BOA001
|j MZK50
|s A
|